Educación superior en Iberoamérica : (Registro nro. 7369)

Detalles MARC
000 -LEADER
fixed length control field 01175nam a22002417a 4500
003 - CONTROL NUMBER IDENTIFIER
control field OSt
005 - DATE AND TIME OF LATEST TRANSACTION
control field 20210228171515.0
008 - FIXED-LENGTH DATA ELEMENTS--GENERAL INFORMATION
fixed length control field 210228s2011 cl ad||fr|||| 00| 0 spa d
020 ## - INTERNATIONAL STANDARD BOOK NUMBER
International Standard Book Number 9789567106585
040 ## - CATALOGING SOURCE
Original cataloging agency CO-JMCR
Transcribing agency CO-JMCR
041 0# - LANGUAGE CODE
Language code of text/sound track or separate title spa
082 04 - DEWEY DECIMAL CLASSIFICATION NUMBER
Classification number 378.8 /
Item number E244e
Edition number 21
245 00 - TITLE STATEMENT
Title Educación superior en Iberoamérica :
Remainder of title Informe 2011 /
Statement of responsibility, etc. José Joaquín Brunner, editor coordinador ; Rocío Ferrada Hurtado, editora adjunta
250 ## - EDITION STATEMENT
Edition statement Primera edición
260 ## - PUBLICATION, DISTRIBUTION, ETC.
Place of publication, distribution, etc. Santiago de Chile :
Name of publisher, distributor, etc. Centro Interuniveresitario de Desarrollo (CINDA)-Universia,
Date of publication, distribution, etc. 2011
300 ## - PHYSICAL DESCRIPTION
Extent 431 páginas :
Other physical details gráficos y diagramas ;
Dimensions 28 cm.
504 ## - BIBLIOGRAPHY, ETC. NOTE
Bibliography, etc. note Incluye notas bibliográficas
505 0# - FORMATTED CONTENTS NOTE
Formatted contents note Los desafíos de la educación superior en el espacio iberoamericano -- Plataforma institucional -- Acceso y oportunidades -- Personal docente -- Formación de capital humano avanzado -- Financiamiento de la educación superior -- Gobierno y gestión -- Aseguramiento de la calidad
650 14 - SUBJECT ADDED ENTRY--TOPICAL TERM
Topical term or geographic name entry element Educación superior
Geographic subdivision América Latina
9 (RLIN) 14083
700 1# - ADDED ENTRY--PERSONAL NAME
Personal name Brunner, José Joaquín,
Relator term editor
9 (RLIN) 9399
700 1# - ADDED ENTRY--PERSONAL NAME
Personal name Ferrada Hurtado, Rocío,
Relator term editora
9 (RLIN) 14084
942 ## - ADDED ENTRY ELEMENTS (KOHA)
Source of classification or shelving scheme Dewey Decimal Classification
Koha item type Books
Existencias
Withdrawn status Lost status Source of classification or shelving scheme Damaged status Not for loan Home library Current library Date acquired Source of acquisition Total Checkouts Full call number Barcode Date last seen Date last checked out Copy number Price effective from Koha item type
    Dewey Decimal Classification     Biblioteca Pública José María del Castillo y Rada Biblioteca Pública José María del Castillo y Rada 02/28/2021 Donación 1 378.8 / E244e 201810459 02/11/2026 02/11/2026 Ej.1 02/28/2021 Books